[Event "71st RUS-ch Higher League 2018"]
[Site "Yaroslavl"]
[Date "2018.07.02"]
[Round "6"]
[White "Gordievsky, Dmitry"]
[Black "Oganian, Miran"]
[Result "1-0"]
[WhiteElo "2641"]
[BlackElo "2432"]
[Annotator "ChessBase"]
[PlyCount "55"]
[EventDate "2018.06.26"]
[EventType "swiss"]
[EventCountry "RUS"]
[SourceTitle "playchess.com"]
[Source "ChessBase"]
[SourceQuality "1"]
[TimeControl "40/5400+30:1800+30"]

1. e4 {[%emt 0:00:00]} c5 {[%emt 0:03:46]} 2. Nf3 {[%emt 0:00:04]} g6 {[%emt 0:03:00]} 3. c4 {[%emt 0:02:02]} Bg7 {[%emt 0:00:08]} 4. d4 {[%emt 0:00:09]} cxd4 {[%emt 0:00:06]} 5. Nxd4 {[%emt 0:00:05]} Nc6 {[%emt 0:00:05]} 6. Be3 {[%emt 0:00:13]} Nf6 {[%emt 0:00:14]} 7. Nc3 {[%emt 0:00:21]} Ng4 {[%emt 0:08:09]} 8. Qxg4 {[%emt 0:00:08]} Nxd4 {[%emt 0:00:04]} 9. Qd1 {[%emt 0:00:08]} e5 {[%emt 0:00:05]} 10. Bd3 {[%emt 0:06:42]} O-O {[%emt 0:00:43]} 11. O-O {[%emt 0:00:43]} d6 {[%emt 0:00:00]} 12. a4 {[%emt 0:11:34]} Be6 {[%emt 0:06:05]} 13. Nb5 {[%emt 0:07:03]} a6 {[%emt 0:07:18]} 14. Nxd4 {[%emt 0:01:52]} exd4 {[%emt 0:00:06]} 15. Bd2 {[%emt 0:09:26]} f5 {[%emt 0:03:32]} 16. exf5 {[%emt 0:05:03]} Bxf5 {[%emt 0:00:19]} 17. Qb3 {[%emt 0:00:05]} Bxd3 {[%emt 0:05:21]} 18. Qxd3 {[%emt 0:00:12]} a5 {[%emt 0:13:23]} 19. Ra3 {[%emt 0:06:46]} Qd7 {[%emt 0:02:47]} 20. Rb3 {[%emt 0:01:25]} d5 {[%emt 0:06:57]} 21. c5 {[%emt 0:05:12]} Qxa4 {[%emt 0:06:25]} 22. Rxb7 {[%emt 0:00:46]} Qc4 {[%emt 0:00:46]} 23. Qh3 {[%emt 0:18:19]} Rf5 {[%emt 0:05:35]} 24. Bh6 {[%emt 0:01:07]} Be5 {[%emt 0:01:03]} 25. Bf4 {[%emt 0:01:38]} Bg7 {[%emt 0:02:51]} 26. Be5 {[%emt 0:00:20]} Bxe5 {[%emt 0:01:34]} 27. Qxh7+ {[%emt 0:00:05]} Kf8 {[%emt 0:00:05]} 28. Qh6+ {[%emt 0:00:10]} 1-0

[Event "71st RUS-ch Higher League 2018"]
[Site "Yaroslavl"]
[Date "2018.07.02"]
[Round "6"]
[White "Zvjaginsev, Vadim"]
[Black "Popov, Ivan"]
[Result "1-0"]
[WhiteElo "2633"]
[BlackElo "2608"]
[Annotator "ChessBase"]
[PlyCount "111"]
[EventDate "2018.06.26"]
[EventType "swiss"]
[EventCountry "RUS"]
[SourceTitle "playchess.com"]
[Source "ChessBase"]
[SourceQuality "1"]
[TimeControl "40/5400+30:1800+30"]

1. e4 {[%emt 0:00:00]} c6 {[%emt 0:00:00]} 2. Nc3 {[%emt 0:00:06]} d5 {[%emt 0:00:00]} 3. Nf3 {[%emt 0:00:37]} dxe4 {[%emt 0:00:03]} 4. Nxe4 {[%emt 0:00:10]} Nf6 {[%emt 0:00:09]} 5. Qe2 {[%emt 0:00:08]} Nxe4 {[%emt 0:00:17]} 6. Qxe4 {[%emt 0:00:06]} Qa5 {[%emt 0:00:08]} 7. Ne5 {[%emt 0:09:51]} Nd7 {[%emt 0:01:48]} 8. Nc4 {[%emt 0:00:18]} Qd5 {[%emt 0:03:48]} 9. Qxd5 {[%emt 0:02:55]} cxd5 {[%emt 0:03:14]} 10. Ne3 {[%emt 0:00:08]} e6 {[%emt 0:08:14]} 11. b3 {[%emt 0:03:19]} Be7 {[%emt 0:04:41]} 12. Bb2 {[%emt 0:00:10]} Bf6 {[%emt 0:00:16]} 13. d4 {[%emt 0:06:58]} b6 {[%emt 0:14:11]} 14. a4 {[%emt 0:07:42]} a6 {[%emt 0:03:53]} 15. c4 {[%emt 0:06:29]} dxc4 {[%emt 0:07:59]} 16. Bxc4 {[%emt 0:03:15]} Bb7 {[%emt 0:03:41]} 17. Rc1 {[%emt 0:04:15]} O-O {[%emt 0:06:43]} 18. O-O {[%emt 0:00:52]} Rfd8 {[%emt 0:00:56]} 19. Be2 {[%emt 0:16:30]} Rac8 {[%emt 0:01:54]} 20. Rxc8 {[%emt 0:01:38]} Rxc8 {[%emt 0:01:06]} 21. Bc4 {[%emt 0:02:30]} Rd8 {[%emt 0:10:23]} 22. f4 {[%emt 0:02:39]} Nf8 {[%emt 0:12:10]} 23. Rd1 {[%emt 0:00:08]} Ng6 {[%emt 0:00:13]} 24. g3 {[%emt 0:01:28]} Ne7 {[%emt 0:00:41]} 25. Kf1 {[%emt 0:07:06]} h5 {[%emt 0:03:59]} 26. Be2 {[%emt 0:04:26]} Nd5 {[%emt 0:00:09]} 27. Kf2 {[%emt 0:00:35]} Nxe3 {[%emt 0:02:02]} 28. Kxe3 {[%emt 0:00:04]} g6 {[%emt 0:00:24]} 29. Rc1 {[%emt 0:02:11]} Rd7 {[%emt 0:00:24]} 30. Bf3 {[%emt 0:03:26]} Bxf3 {[%emt 0:00:15]} 31. Kxf3 {[%emt 0:00:04]} b5 {[%emt 0:00:55]} 32. Ke3 {[%emt 0:05:01]} bxa4 {[%emt 0:05:51]} 33. bxa4 {[%emt 0:00:27]} Rd5 {[%emt 0:01:23]} 34. Rc6 {[%emt 0:04:03]} a5 {[%emt 0:02:33]} 35. Bc3 {[%emt 0:01:19]} Kf8 {[%emt 0:01:20]} 36. Kd3 {[%emt 0:02:41]} g5 {[%emt 0:00:37]} 37. Rc8+ {[%emt 0:00:41]} Ke7 {[%emt 0:00:44]} 38. Ra8 {[%emt 0:00:47]} gxf4 {[%emt 0:00:06]} 39. gxf4 {[%emt 0:00:07]} h4 {[%emt 0:01:46]} 40. h3 {[%emt 0:00:00]} Rf5 {[%emt 0:00:00]} 41. Ke4 {[%emt 0:03:13]} Bg7 {[%emt 0:10:15]} 42. Rxa5 {[%emt 0:01:23]} Rf6 {[%emt 0:03:18]} 43. Be1 {[%emt 0:03:00]} Kd6 {[%emt 0:02:42]} 44. Bb4+ {[%emt 0:08:18]} Kd7 {[%emt 0:02:00]} 45. f5 {[%emt 0:01:51]} exf5+ {[%emt 0:02:49]} 46. Rxf5 {[%emt 0:01:13]} Re6+ {[%emt 0:08:50]} 47. Kd5 {[%emt 0:00:26]} Ke8 {[%emt 0:02:51]} 48. Rf1 {[%emt 0:02:55]} Bf8 {[%emt 0:01:09]} 49. Bxf8 {[%emt 0:01:16]} Kxf8 {[%emt 0:00:02]} 50. a5 {[%emt 0:00:07]} Ke7 {[%emt 0:00:20]} 51. Ra1 {[%emt 0:00:09]} Ra6 {[%emt 0:00:16]} 52. Kc5 {[%emt 0:00:11]} Kd7 {[%emt 0:00:22]} 53. Kb5 {[%emt 0:00:25]} Ra8 {[%emt 0:00:08]} 54. a6 {[%emt 0:01:30]} Kd6 {[%emt 0:00:21]} 55. a7 {[%emt 0:00:40]} Kd5 {[%emt 0:00:06]} 56. Kb6 {[%emt 0:01:16]} 1-0

[Event "71st RUS-ch Higher League 2018"]
[Site "Yaroslavl"]
[Date "2018.07.02"]
[Round "6"]
[White "Romanov, Evgeny"]
[Black "Girya, Olga"]
[Result "1-0"]
[WhiteElo "2628"]
[BlackElo "2457"]
[Annotator "TA"]
[PlyCount "77"]
[EventDate "2018.06.26"]
[EventType "swiss"]
[EventCountry "RUS"]
[SourceTitle "playchess.com"]
[Source "ChessBase"]
[SourceQuality "1"]

{[%evp 20,77,25,24,28,10,25,0,0,0,0,0,10,-4,0,-25,-16,-18,5,-16,0,0,33,29,53,47,74,57,254,243,250,242,381,414,402,384,401,405,413,357,352,344,570,567,548,543,624,621,637,637,631,631,718,652,637,379,664,664,1085,1055]} 1. e4 c6 2. d4 d5 3. e5 Bf5 4. Nf3 e6 5. Be2 c5 6. O-O Nc6 7. c3 cxd4 {B12: Caro-Kann: Advance Variation} 8. Nxd4 Nge7 9. Nxf5 (9. Qb3 Qd7 10. f4 Bg6 11. Be3 Nf5 12. Nxf5 Bxf5 13. Nd2 h5 14. Nf3 Be7 15. Rad1 {½-½ (38) Fressinet,L (2662)-Kasimdzhanov,R (2683) Riadh 2017}) 9... Nxf5 10. Bd3 Be7 11. Re1 {LiveBook: 4 Games} Qc7 12. Qe2 d4 13. c4 $146 ({Predecessor:} 13. Nd2 O-O 14. Nf3 dxc3 15. bxc3 {½-½ (32) Kinas,T-Malinowski,D (2105) ICCF email 2017}) 13... Nb4 14. b3 {[%cal Bb2b3,Bb3b4,Bb4b5][%mdl 32]} (14. Nd2 {is more complex.} h5 15. b3 g5 16. Bb2 O-O-O 17. a3) 14... Nxd3 15. Qxd3 O-O 16. a4 a6 17. Ba3 Rad8 18. b4 Nh4 19. Nd2 (19. g3 $5 {[%cal Rg3h4]}) 19... Qc6 {[%csl Gh4][%cal Rc6g2] [#]} 20. Ne4 Ng6 21. b5 Qd7 22. Bd6 $1 f5 23. Nc5 Nxe5 $2 (23... Qc8 $1 $14 24. Qxd4 Nxe5) 24. Rxe5 $18 Qxd6 25. Rae1 Rde8 (25... axb5 {was worth a try.} 26. Nxb7 Qc7 27. Nxd8 bxc4 28. Qxd4 (28. Nxe6 Qxe5 29. Qd1 Qd5 $11) 28... Rxd8) 26. Nxe6 Bf6 27. c5 Qb8 28. R5e2 Rf7 29. Qc4 {Ng5! is the strong threat.} axb5 30. axb5 {Black must now prevent Ng5!} Rc8 $2 {[#]} (30... Qa8 31. Nxd4 (31. Ng5 Rxe2 32. Qxf7+ Kh8 $11) 31... Rxe2 32. Nxe2 Be5) 31. Nc7 $1 {[%cal Be6c7,Bc7e8,Be8d6][%mdl 544]} Rcf8 (31... Qxc7 32. Re8+) 32. Ne8 d3 33. Qxd3 h6 34. Nd6 Rd7 35. Qxf5 Qd8 36. Qd5+ Kh8 37. b6 Bg5 $2 (37... Be7 38. Nf7+ Kg8) 38. g3 Qf6 39. f4 {Precision: White = 70%, Black = 30%.} 1-0

[Event "71st RUS-ch Higher League 2018"]
[Site "Yaroslavl"]
[Date "2018.07.02"]
[Round "6"]
[White "Alekseev, Evgeny"]
[Black "Goganov, Aleksey"]
[Result "1/2-1/2"]
[WhiteElo "2627"]
[BlackElo "2576"]
[Annotator "TA"]
[PlyCount "59"]
[EventDate "2018.06.26"]
[EventType "swiss"]
[EventCountry "RUS"]
[SourceTitle "playchess.com"]
[Source "ChessBase"]
[SourceQuality "1"]

{[%evp 18,59,29,26,28,28,19,2,6,3,5,3,3,0,0,3,4,3,6,0,0,0,0,0,0,0,0,0,0,0,0,0,0,0,0,0,0,0,0,0,0,0,0,0]} 1. c4 e6 2. Nf3 Nf6 3. Nc3 d5 4. e3 Bd6 5. b3 O-O 6. Bb2 {A17: English Opening: 1...Nf6 with ...Bb4} c5 7. cxd5 exd5 8. d4 Nc6 9. Be2 cxd4 10. Nxd4 {LiveBook: 5 Games} Nxd4 11. Qxd4 Re8 12. Rd1 {The position is equal.} Be5 13. Qd2 Bf5 {[#]} 14. O-O $146 Rc8 {[#] Hoping for ...Bxc3.} 15. Bf3 {[%cal Rc3d5]} Bxc3 16. Bxc3 Ne4 17. Bxe4 $1 dxe4 18. Qxd8 Rexd8 19. Rxd8+ Rxd8 $11 {[%mdl 4096] Endgame KRB-KRB} 20. Bd4 a6 21. Rc1 Rc8 22. Rxc8+ Bxc8 {KB-KB} 23. a4 Be6 24. b4 Bd7 25. a5 f6 26. Kf1 Bb5+ 27. Ke1 Bd7 28. Kf1 Bb5+ 29. Ke1 Bd7 30. Kf1 {Precision: White = 58%, Black = 97%.} 1/2-1/2

[Event "71st RUS-ch Higher League 2018"]
[Site "Yaroslavl"]
[Date "2018.07.02"]
[Round "6"]
[White "Ponkratov, Pavel"]
[Black "Oparin, Grigoriy"]
[Result "0-1"]
[WhiteElo "2622"]
[BlackElo "2587"]
[Annotator "TA"]
[PlyCount "66"]
[EventDate "2018.06.26"]
[EventType "swiss"]
[EventCountry "RUS"]
[SourceTitle "playchess.com"]
[Source "ChessBase"]
[SourceQuality "1"]

{[%evp 10,66,-19,-35,-6,-42,-31,-27,0,0,0,0,0,-18,25,16,39,-74,-66,-73,-56,-72,-53,-58,-62,-55,49,43,18,37,42,18,100,104,127,121,135,0,0,0,0,0,0,0,0,0,0,-4,-4,-114,-115,-458,-231,-182,0,-424,-446,-29989,-29990]} 1. e4 e5 2. d4 exd4 3. Qxd4 Nc6 4. Qe3 Nf6 5. Bd2 Be7 6. c4 {LiveBook: 7 Games. C22: Centre Game} (6. Nc3 d5 7. Nxd5 Nxd5 8. exd5 Qxd5 9. Ne2 O-O 10. Nf4 Qc5 11. O-O-O Bf5 12. Qxc5 Bxc5 13. Bd3 Bxd3 14. Nxd3 Bb6 15. Rhe1 Rfe8 16. c3 Kf8 {½-½ (60) Artemiev,V (2704)-Fedoseev,V (2706) Poikovsky 2018}) 6... d6 {Threatening ...Ng4.} 7. f3 Be6 8. Nc3 {Black is slightly better.} Ne5 $146 ({Predecessor:} 8... O-O 9. O-O-O Ne5 10. b3 Re8 11. g4 h6 12. Bd3 c6 {1-0 (61) Sochacki,C (1960)-L'Huillier,R (1730) Calvi 2005}) 9. b3 c6 10. Nge2 O-O 11. Nf4 Bd7 12. Be2 Re8 13. g4 {[#]} (13. O-O $14 {keeps the upper hand.}) 13... d5 $1 $17 {[%cal Rd5e4][%mdl 512]} 14. cxd5 ({Not} 14. exd5 $2 Bd6 $19) 14... cxd5 15. Nfxd5 Nxd5 16. Nxd5 Bh4+ 17. Kf1 f5 (17... Bc6 $15 18. Nc3 a6) 18. gxf5 $14 Bxf5 {Strongly threatening ...Bh3+.} 19. Kg2 {Black must now prevent Rhd1.} Be6 20. Rad1 {Bb4 is the strong threat.} Bxd5 (20... Ng4 $1 $11 {keeps the balance.} 21. fxg4 Bxd5) 21. Bc1 $1 $16 Re6 22. Rxd5 Rg6+ 23. Kf1 (23. Kh3 $1 $16 Qe8 24. Rg1 (24. Kxh4 Qe7+ 25. Kh3 Qe6+ 26. Kh4 Qf6+ 27. Kh3 Qe6+ 28. Kh4 Qf6+ 29. Kh3 Qe6+ $11) 24... Rxg1 25. Qxg1) 23... Qc8 $1 $11 {[%cal Rc8h3]} 24. f4 Ng4 $40 {[%mdl 128] White needs to defend precisely.} 25. Bxg4 $1 Rxg4 26. Rg1 Rxg1+ $1 27. Kxg1 Qg4+ 28. Kf1 Rc8 29. Bd2 (29. Bb2 $11 {remains equal.}) 29... Rc2 $17 30. Qd3 $2 {[%mdl 8192]} (30. Qe2 $17 Qh3+ 31. Kg1) 30... Qd1+ (30... Rxa2 $142 31. Rd8+ Bxd8 32. Qxd8+ Kf7 33. Qd5+ Kg6 34. Qd6+ Kh5 35. Qd5+ Kh4) 31. Kg2 $19 {[#]} Qg4+ $2 ({And not} 31... Rxa2 {[#]} 32. Rd8+ $1 {[%mdl 512]} Bxd8 33. Qxd8+ Kf7 34. Qd7+ Kf8 35. Qf5+ Ke7 36. Qe5+ Kd8 37. Qd5+ Ke8 38. Qe6+ Kd8 39. Qd6+ Kc8 40. Qc5+ Kd7 41. Qd5+ Ke8 42. Qe6+ Kf8 43. Qc8+ Kf7 44. Qxb7+ Kg6 45. Qc6+ Kf7 46. Qd5+ Kf8 47. Qd8+ Kf7 48. Qd7+ Kf8 49. Qf5+ Ke7 50. Qe5+ Kf8 51. Qf5+ Kg8 52. Qc8+ Kf7 53. Qd7+ Kf8 54. Qf5+ $11) (31... h5 $1 32. h3 Rxa2) 32. Kf1 $1 Rxa2 {( -> ...Ra1+)} 33. Qc3 {[#]} (33. Rd8+ $19 Bxd8 34. Qxd8+ Kf7 35. Qc7+ Kg6 36. Qd6+ Kh5 37. Qd5+ Kh4 38. Qd8+ g5 39. Qxg5+ Qxg5 40. Be1+ Kg4 41. fxg5) 33... Ra1+ $1 {[%mdl 512] Precision: White = 32%, Black = 34%.} 0-1

[Event "71st RUS-ch Higher League 2018"]
[Site "Yaroslavl"]
[Date "2018.07.02"]
[Round "6"]
[White "Antipov, Mikhail Al"]
[Black "Tekeyev, Zaur"]
[Result "1/2-1/2"]
[WhiteElo "2616"]
[BlackElo "2407"]
[Annotator "TA"]
[PlyCount "68"]
[EventDate "2018.06.26"]
[EventType "swiss"]
[EventCountry "RUS"]
[SourceTitle "playchess.com"]
[Source "ChessBase"]
[SourceQuality "1"]

{[%evp 12,68,28,28,53,38,77,70,57,54,54,0,15,7,4,-91,-39,-82,0,0,0,0,216,222,193,0,0,-85,-79,-86,-80,-397,-8,0,0,0,0,-60,0,0,0,0,0,0,0,0,19,0,0,0,0,0,0,0,0,0,0,0,0]} 1. d4 {Ftacnik,L} Nf6 2. Bg5 d5 3. Bxf6 gxf6 4. e3 c5 5. dxc5 Qa5+ (5... Nc6 6. Nf3 e5 7. Nc3 Be6 8. Na4 Qa5+ 9. c3 b5 10. cxb6 axb6 11. b4 Nxb4 12. Nd2 Nc6 13. Qb3 Qxa4 14. Qxa4 Rxa4 {0-1 (32) Moiseenko,A (2667)-Karjakin,S (2760) Riadh 2017}) 6. Nc3 {D00: 1 d4 d5: Unusual lines} e6 7. Qd4 {LiveBook: 9 Games} Nc6 8. Bb5 {White is slightly better.} a6 $146 ({Predecessor:} 8... Bd7 9. Qxf6 Rg8 10. Nge2 Bxc5 11. O-O Be7 12. Qf4 Qb6 13. Rad1 {1-0 (34) Miles,A (2600)-Martin Gonzalez,A (2420) Benasque 1995 CBM 050 [Ftacnik,L]}) 9. Bxc6+ bxc6 10. Qxf6 Rg8 11. Qh4 ({White should try} 11. Nge2 $14) 11... Rb8 12. Nge2 Rxg2 13. Kd2 (13. O-O-O $11) 13... Qxc5 (13... Rxb2 $17 14. Rhg1 Rg6) 14. Rag1 $15 Rxg1 ({Black should play} 14... Rb4 $17 15. f4 Rxe2+ $1 {[%mdl 512]} 16. Nxe2 Rxb2 17. Qxh7 Qb4+ 18. Kd1 Rb1+ 19. Nc1 d4) 15. Rxg1 $11 Rxb2 16. Rg8 Qd6 $2 (16... Rb4 $11 {and Black has nothing to worry.} 17. Qg3 (17. Qxh7 e5 $11) 17... Qe7) 17. Ng3 $1 $18 {[%cal Rg3h5] Nh5 is the strong threat.} Rb4 {[%cal Bb2b4,Bb4g4,Bg4g6][%mdl 32]} 18. Qh6 $2 (18. Qf6 $18 Qe7 19. Nh5) 18... Rg4 $1 $36 {[%cal Rg4g8][%mdl 2048] Black has some pressure.} 19. Rh8 {[#]} (19. Nf5 $1 $11 Qc5 20. Qxf8+ $1 {[%mdl 512]} Qxf8 21. Nd6+ Ke7 22. Nxc8+ Ke8 23. Rxg4) 19... Rg6 $1 $17 {[%cal Rg6h6]} 20. Qxh7 e5 21. Qh5 $2 {[%mdl 8192] [#]} (21. Qh4 $17) 21... d4 $2 ({Better is} 21... Bg4 $1 $19 {[%cal Rg4h5]} 22. Rxf8+ Kxf8 23. Qh8+ Rg8) 22. Nce4 $11 dxe3+ 23. Ke2 Qe7 {White must now prevent ...Bg4+.} 24. f3 (24. Nf5 $11 Bxf5 25. Qxf5) 24... Kd8 (24... Be6 $15) 25. Kxe3 {The position is equal.} Bd7 26. Kf2 Kc7 27. Nf5 Qb4 {( -> ...Bc5+)} (27... Qa3 $5 28. Ne3 $8 Qe7 $14) 28. Ne3 Bd6 29. Rh7 Qb1 $1 {And now ...Rg1 would win.} 30. Rxf7 Rg1 $1 {[%csl Gg1][%cal Rb1e1]} 31. Ke2 Qb5+ 32. Kf2 Qb1 {[%csl Gg1][%cal Rb1e1]} 33. Ke2 Qb5+ 34. Kf2 Qb1 {Precision: White = 64%, Black = 47%.} 1/2-1/2

[Event "71st RUS-ch Higher League 2018"]
[Site "Yaroslavl"]
[Date "2018.07.02"]
[Round "6"]
[White "Kobalia, Mikhail"]
[Black "Paravyan, David"]
[Result "1-0"]
[WhiteElo "2608"]
[BlackElo "2634"]
[Annotator "ChessBase"]
[PlyCount "53"]
[EventDate "2018.06.26"]
[EventType "swiss"]
[EventCountry "RUS"]
[SourceTitle "playchess.com"]
[Source "ChessBase"]
[SourceQuality "1"]
[TimeControl "40/5400+30:1800+30"]

1. e4 {[%emt 0:00:00]} c5 {[%emt 0:04:33]} 2. Nf3 {[%emt 0:00:00]} d6 {[%emt 0:00:06]} 3. d4 {[%emt 0:00:00]} cxd4 {[%emt 0:00:05]} 4. Nxd4 {[%emt 0:00:00]} Nf6 {[%emt 0:00:05]} 5. Nc3 {[%emt 0:00:00]} a6 {[%emt 0:00:02]} 6. f3 {[%emt 0:00:52]} e6 {[%emt 0:00:05]} 7. g4 {[%emt 0:00:09]} b5 {[%emt 0:06:27]} 8. a3 {[%emt 0:00:23]} h6 {[%emt 0:17:31]} 9. h4 {[%emt 0:02:17]} Be7 {[%emt 0:01:49]} 10. Be3 {[%emt 0:04:34]} Nfd7 {[%emt 0:03:59]} 11. Bf2 {[%emt 0:01:46]} Qc7 {[%emt 0:04:15]} 12. Qd2 {[%emt 0:05:11]} Ne5 {[%emt 0:01:30]} 13. Be2 {[%emt 0:09:13]} Nbd7 {[%emt 0:03:44]} 14. O-O-O {[%emt 0:17:36]} Rb8 {[%emt 0:00:57]} 15. Rh3 {[%emt 0:02:43]} Nc4 {[%emt 0:05:36]} 16. Qe1 {[%emt 0:03:08]} O-O {[%emt 0:09:21]} 17. f4 {[%emt 0:05:22]} g6 {[%emt 0:16:33]} 18. g5 {[%emt 0:10:39]} h5 {[%emt 0:00:42]} 19. Bxh5 {[%emt 0:03:09]} gxh5 {[%emt 0:03:02]} 20. Qe2 {[%emt 0:00:52]} b4 {[%emt 0:05:47]} 21. Nf5 {[%emt 0:01:14]} exf5 {[%emt 0:04:40]} 22. Nd5 {[%emt 0:00:29]} Qd8 {[%emt 0:00:05]} 23. Qxh5 {[%emt 0:04:08]} Nde5 {[%emt 0:04:07]} 24. fxe5 {[%emt 0:00:28]} Nxe5 {[%emt 0:00:03]} 25. Bd4 {[%emt 0:00:58]} bxa3 {[%emt 0:06:53]} 26. Bxe5 {[%emt 0:01:56]} dxe5 {[%emt 0:00:16]} 27. g6 {[%emt 0:00:16]} 1-0

[Event "71st RUS-ch Higher League 2018"]
[Site "Yaroslavl"]
[Date "2018.07.02"]
[Round "6"]
[White "Kokarev, Dmitry"]
[Black "Dreev, Aleksey"]
[Result "1/2-1/2"]
[WhiteElo "2603"]
[BlackElo "2657"]
[Annotator "ChessBase"]
[PlyCount "94"]
[EventDate "2018.06.26"]
[EventType "swiss"]
[EventCountry "RUS"]
[SourceTitle "playchess.com"]
[Source "ChessBase"]
[SourceQuality "1"]
[TimeControl "40/5400+30:1800+30"]

1. e4 {[%emt 0:00:00]} e5 {[%emt 0:01:00]} 2. Nf3 {[%emt 0:00:00]} Nc6 {[%emt 0:00:05]} 3. Bb5 {[%emt 0:00:00]} g6 {[%emt 0:00:07]} 4. d4 {[%emt 0:00:34]} exd4 {[%emt 0:00:25]} 5. Bg5 {[%emt 0:00:09]} Be7 {[%emt 0:00:11]} 6. Bxe7 {[%emt 0:00:11]} Qxe7 {[%emt 0:00:14]} 7. Bxc6 {[%emt 0:00:24]} dxc6 {[%emt 0:00:17]} 8. Qxd4 {[%emt 0:00:13]} Nf6 {[%emt 0:00:17]} 9. O-O {[%emt 0:05:19]} c5 {[%emt 0:07:07]} 10. Qe3 {[%emt 0:04:02]} Bg4 {[%emt 0:05:09]} 11. Nc3 {[%emt 0:06:15]} O-O-O {[%emt 0:03:36]} 12. Nd2 {[%emt 0:06:06]} Be6 {[%emt 0:05:05]} 13. f3 {[%emt 0:03:53]} Nd7 {[%emt 0:12:50]} 14. f4 {[%emt 0:14:43]} f6 {[%emt 0:04:05]} 15. Nf3 {[%emt 0:09:55]} Rhe8 {[%emt 0:05:27]} 16. Rad1 {[%emt 0:02:16]} Nb6 {[%emt 0:02:33]} 17. h3 {[%emt 0:04:45]} Bd7 {[%emt 0:08:20]} 18. b3 {[%emt 0:05:06]} Bc6 {[%emt 0:02:03]} 19. Rxd8+ {[%emt 0:00:26]} Rxd8 {[%emt 0:00:13]} 20. Re1 {[%emt 0:00:37]} Nd7 {[%emt 0:04:06]} 21. Nd5 {[%emt 0:07:57]} Bxd5 {[%emt 0:02:53]} 22. exd5 {[%emt 0:00:07]} Qxe3+ {[%emt 0:07:27]} 23. Rxe3 {[%emt 0:01:41]} b5 {[%emt 0:00:09]} 24. Re7 {[%emt 0:03:56]} Nb6 {[%emt 0:00:19]} 25. Rxh7 {[%emt 0:00:07]} Nxd5 {[%emt 0:00:07]} 26. f5 {[%emt 0:03:49]} g5 {[%emt 0:01:47]} 27. Rf7 {[%emt 0:00:55]} Rd6 {[%emt 0:00:36]} 28. Nh2 {[%emt 0:11:39]} Ne3 {[%emt 0:07:32]} 29. Ng4 {[%emt 0:01:32]} Nxg4 {[%emt 0:01:13]} 30. hxg4 {[%emt 0:00:05]} b4 {[%emt 0:00:04]} 31. Kf1 {[%emt 0:01:57]} c4 {[%emt 0:07:16]} 32. bxc4 {[%emt 0:01:02]} Rc6 {[%emt 0:00:04]} 33. Ke2 {[%emt 0:01:33]} Rxc4 {[%emt 0:01:19]} 34. Kd2 {[%emt 0:00:08]} Rc6 {[%emt 0:01:10]} 35. Kc1 {[%emt 0:00:22]} Kd8 {[%emt 0:03:03]} 36. Rh7 {[%emt 0:02:32]} Ke8 {[%emt 0:00:53]} 37. Kb2 {[%emt 0:00:59]} Rc4 {[%emt 0:01:22]} 38. Kb3 {[%emt 0:00:08]} Rc3+ {[%emt 0:04:57]} 39. Kxb4 {[%emt 0:00:56]} Rxc2 {[%emt 0:00:04]} 40. g3 {[%emt 0:00:00]} Rxa2 {[%emt 0:00:00]} 41. Rxc7 {[%emt 0:02:25]} Rb2+ {[%emt 0:03:09]} 42. Kc3 {[%emt 0:00:38]} Rg2 {[%emt 0:00:28]} 43. Kd4 {[%emt 0:04:16]} Rxg3 {[%emt 0:00:14]} 44. Kd5 {[%emt 0:00:47]} Ra3 {[%emt 0:01:01]} 45. Ke6 {[%emt 0:00:39]} Ra6+ {[%emt 0:00:08]} 46. Kd5 {[%emt 0:00:03]} Kd8 {[%emt 0:00:23]} 47. Rf7 {[%emt 0:00:23]} Ke8 {[%emt 0:00:20]} 1/2-1/2